[Event "4NCL/Div3/MKE vs. NWE2"]
[Site "Telford ENG"]
[Date "2003.03.09"]
[Round "6.1"]
[White "Freeman, Richard CP"]
[Black "Hague, Ben"]
[Result "1-0"]
[WhiteElo "2066"]
[BlackElo "2233"]
[PlyCount "129"]
[EventDate "2003.03.09"]

1. e4 e6 2. d4 d5 3. e5 c5 4. Nf3 Nc6 5. Bd3 cxd4 6. O-O Nge7 7. Nbd2 Ng6 8.
Re1 Qc7 9. Bxg6 fxg6 10. Nb3 Be7 11. Nbxd4 Nxd4 12. Nxd4 O-O 13. Qg4 Bd7 14. h4
Rf7 15. h5 gxh5 16. Qxh5 Raf8 17. Be3 a5 18. Re2 Qc4 19. Rd2 a4 20. a3 Qc7 21.
Re1 Bc5 22. c3 Bxd4 23. cxd4 Rf5 24. Qh4 Be8 25. Rde2 Rh5 26. Qg3 Qe7 27. Rc2
Bc6 28. Bd2 Rff5 29. Rc3 Rh4 30. f3 Rxd4 31. Qf2 Rh4 32. Qa7 Rfh5 33. f4 Rh1+
34. Kf2 Qh4+ 35. Rg3 Qd8 36. Ba5 Qf8 37. Rf3 Rxe1 38. Bxe1 d4 39. Bb4 Qd8 40.
Rg3 Rf5 41. Bd2 Rf7 42. Qc5 Be4 43. Qc4 Qd7 44. b3 axb3 45. Qxb3 Rf8 46. Qb6 g6
47. Rb3 Bc6 48. Qc5 Qd8 49. g3 Qa8 50. g4 Qa4 51. Qb4 Qa8 52. Qe7 Bd5 53. Rh3
Rf7 54. Qc5 Bg2 55. Rg3 Bc6 56. Rd3 Qd8 57. Kg3 Rd7 58. Ba5 Qa8 59. Bb4 b6 60.
Qxb6 Bh1 61. Qxe6+ Rf7 62. Kh4 Qg2 63. f5 Kg7 64. f6+ Kh6 65. Bd2+ 1-0

[Event "4NCL/Div3/MKE vs. NWE2"]
[Site "Telford ENG"]
[Date "2003.03.09"]
[Round "6.2"]
[White "Hughes, Howard R"]
[Black "Smith, Graham M"]
[Result "1/2-1/2"]
[WhiteElo "2072"]
[BlackElo "2118"]
[PlyCount "34"]
[EventDate "2003.03.09"]

1. f4 d6 2. Nf3 Nf6 3. d3 g6 4. e4 Bg7 5. Be2 Nc6 6. O-O O-O 7. c3 e5 8. Qe1
exf4 9. Bxf4 d5 10. Nbd2 dxe4 11. dxe4 Re8 12. Bb5 Bd7 13. Qh4 Nxe4 14. Qxd8
Raxd8 15. Nxe4 Rxe4 16. Bxc7 Rc8 17. Bg3 Bh6 1/2-1/2

[Event "4NCL/Div3/MKE vs. NWE2"]
[Site "Telford ENG"]
[Date "2003.03.09"]
[Round "6.3"]
[White "Elwin, Adrian G"]
[Black "Hulmes, David I"]
[Result "1/2-1/2"]
[WhiteElo "2031"]
[BlackElo "2136"]
[PlyCount "99"]
[EventDate "2003.03.09"]

1. Nf3 d5 2. c4 e6 3. d4 Nf6 4. Nc3 Be7 5. Bg5 h6 6. Bh4 O-O 7. e3 b6 8. Bd3
Bb7 9. cxd5 Nxd5 10. Bg3 Nd7 11. Rc1 Nxc3 12. bxc3 c5 13. O-O Nf6 14. Bb1 Be4
15. Be5 Bxb1 16. Rxb1 Bd6 17. Qd3 {=} Bxe5 18. Nxe5 Qc7 19. f4 Nd7 20. Rf3 Rad8
21. Nxd7 Rxd7 22. f5 exf5 23. Rxf5 cxd4 24. exd4 Rc8 25. Rf3 Qc4 26. Qxc4 Rxc4
27. Kf2 Rdc7 28. Rb3 Kf8 29. Re3 Re7 30. Rxe7 {=} Kxe7 31. Ke3 b5 32. Kd3 a6
33. Ra3 Rc6 34. Rb3 Kd6 35. a4 Rb6 36. axb5 axb5 37. Ke4 Kc6 38. Rb2 f6 39. h4
Ra6 40. g3 g6 41. Rd2 Kd6 42. Rb2 f5+ 43. Kf4 Ra5 44. Re2 Ra3 45. Re3 Rb3 46.
h5 gxh5 {=} 47. Kxf5 b4 48. Re6+ Kd7 49. Rb6 Rxc3 50. Rxb4 1/2-1/2

[Event "4NCL/Div3/MKE vs. NWE2"]
[Site "Telford ENG"]
[Date "2003.03.09"]
[Round "6.4"]
[White "McCarthy, Jim"]
[Black "Valentine, Brian J"]
[Result "0-1"]
[WhiteElo "2133"]
[BlackElo "1968"]
[PlyCount "72"]
[EventDate "2003.03.09"]

1. d4 d5 2. Nf3 Nf6 3. c4 c6 4. Nc3 dxc4 5. a4 Bf5 6. e3 e6 7. Bxc4 Bb4 8. O-O
O-O 9. Nh4 Bg4 10. f3 Bh5 11. g4 Nd5 12. Qe1 Be7 13. Ng2 Bg6 14. Qf2 Nb6 15.
Bb3 c5 16. dxc5 Bxc5 17. Rd1 Qe7 18. a5 N6d7 19. Bd2 Nc6 20. Be1 Nde5 21. Qe2
Nb4 22. Bh4 Qe8 23. Ba4 Qc8 24. Nf4 Bc2 25. Rdc1 Ned3 26. Nxd3 Bxd3 27. Qd2 b6
28. Na2 Nxa2 29. Rxa2 Qa6 30. b4 Bd6 31. b5 Bxh2+ 32. Kxh2 Bxb5 33. Bxb5 Qxb5
34. axb6 axb6 35. Rxa8 Rxa8 36. Ra1 Qe5+ 0-1

[Event "4NCL/Div3/MKE vs. NWE2"]
[Site "Telford ENG"]
[Date "2003.03.09"]
[Round "6.5"]
[White "Kendall, Paul SW"]
[Black "Fish, Jonathan M"]
[Result "1-0"]
[WhiteElo "1944"]
[BlackElo "2011"]
[PlyCount "53"]
[EventDate "2003.03.09"]

1. e4 c5 2. Nf3 Nc6 3. Bb5 g6 4. Bxc6 bxc6 5. O-O Bg7 6. d3 d5 7. Nbd2 Nf6 8.
h3 O-O 9. Qe2 Qc7 10. Re1 Re8 11. e5 Nh5 12. Nb3 f5 13. Nxc5 Qb6 14. d4 f4 15.
a4 a5 16. Ra3 e6 17. Rb3 Qa7 18. Nh2 Bf8 19. Rc3 Rb8 20. Ng4 Rb4 21. Nb3 Rxa4
22. Nf6+ Nxf6 23. exf6 Bb4 24. Rxc6 Bxe1 25. Rxc8 Rxc8 26. Qxe6+ Kf8 27. Bxf4
1-0

[Event "4NCL/Div3/MKE vs. NWE2"]
[Site "Telford ENG"]
[Date "2003.03.09"]
[Round "6.6"]
[White "Addis, Mark"]
[Black "Williamson, Kevin J"]
[Result "0-1"]
[WhiteElo "2040"]
[BlackElo "1896"]
[PlyCount "62"]
[EventDate "2003.03.09"]

1. d4 d6 2. c4 Nf6 3. Nc3 c6 4. e4 e5 5. d5 Be7 6. Nf3 Bg4 7. Be2 O-O 8. O-O
Nbd7 9. Be3 Ne8 10. b4 f5 11. exf5 Bxf5 12. c5 dxc5 13. bxc5 Bxc5 14. dxc6 bxc6
15. Qb3+ Kh8 16. Nxe5 Bxe3 17. Nf7+ Rxf7 18. Qxf7 Bg6 19. Qe6 Bd4 20. Rad1 c5
21. Bf3 Rb8 22. Ne2 Nc7 23. Qh3 Ne5 24. Bh5 Bc2 25. Rc1 Bd3 26. Kh1 Bxe2 27.
Bxe2 Rb2 28. f4 Rxe2 29. fxe5 Rxe5 30. Rf7 Qe8 31. Rcf1 Qxf7 0-1

[Event "4NCL/Div3/MKE vs. NWE2"]
[Site "Telford ENG"]
[Date "2003.03.09"]
[Round "6.7"]
[White "Mahony, Richard"]
[Black "Griffiths, Kathy"]
[Result "0-1"]
[WhiteElo "1856"]
[BlackElo "2064"]
[PlyCount "52"]
[EventDate "2003.03.09"]

1. Nf3 Nf6 2. c4 g6 3. Nc3 Bg7 4. e4 d6 5. d4 O-O 6. Be2 e5 7. O-O Nc6 8. d5
Ne7 9. b4 Ne8 10. c5 f5 11. Nd2 Rf7 12. f3 f4 13. Nc4 g5 14. Ba3 Ng6 15. b5 Bf8
16. Na4 Rg7 17. Qb3 b6 18. cxd6 cxd6 19. Bb4 h5 20. Nab2 g4 21. Be1 Qg5 22.
fxg4 hxg4 23. Bd2 Nf6 24. Qd3 Rh7 25. Rf2 g3 26. Rf3 Qh4 0-1

[Event "4NCL/Div3/MKE vs. NWE2"]
[Site "Telford ENG"]
[Date "2003.03.09"]
[Round "6.8"]
[White "Clancy, Marc"]
[Black "Wilcox, Charlotte"]
[Result "1-0"]
[WhiteElo "1880"]
[BlackElo "1528"]
[PlyCount "77"]
[EventDate "2003.03.09"]

1. d4 d5 2. c4 e6 3. Nc3 c5 4. cxd5 cxd4 5. Qxd4 Nc6 6. Qa4 exd5 7. Nf3 Bc5 8.
Bg5 f6 9. Bf4 Nge7 10. e3 O-O 11. Be2 Bf5 12. O-O Qb6 13. Qb5 a6 14. Qxb6 Bxb6
15. Rfd1 Rfd8 16. Na4 Ba5 17. Rac1 Rac8 18. a3 Ng6 19. Bg3 Bc7 20. Bxc7 Rxc7
21. Nb6 Be4 22. Kf1 Re7 23. Nd4 Nxd4 24. Rxd4 Re6 25. Na4 Red6 26. Rc7 R6d7 27.
Rxd7 Rxd7 28. Nc3 Rc7 29. f3 Bf5 30. Rxd5 Be6 31. Rd4 Ne7 32. e4 Nc6 33. Rd2
Bb3 34. Nd5 Bxd5 35. Rxd5 Ne5 36. Rd2 Re7 37. Kf2 Ng6 38. Rd8+ Kf7 39. Bc4+ 1-0

[Event "4NCL/Div3/SCS vs. MKE"]
[Site "Telford ENG"]
[Date "2003.04.12"]
[Round "7.1"]
[White "Dickinson, Timothy R"]
[Black "Macdonald-Ross, Michael"]
[Result "0-1"]
[WhiteElo "2188"]
[BlackElo "2201"]
[PlyCount "64"]
[EventDate "2003.04.12"]

1. e4 c6 2. d4 d5 3. exd5 cxd5 4. Bf4 Nf6 5. Nc3 a6 6. Bd3 Nc6 7. Nge2 Bg4 8.
f3 Bh5 9. h4 Bg6 10. h5 Bxd3 11. Qxd3 e6 12. g4 Bd6 13. O-O-O Bxf4+ 14. Nxf4
Qd6 15. Qe3 O-O-O 16. Nd3 Nd7 17. Rhe1 Rhe8 18. Ne5 Ncxe5 19. dxe5 Qc5 20. Qd3
g6 21. f4 Qb4 22. Qe3 Qc5 23. Qd3 Qb4 24. Qe3 Qc5 25. Rd4 gxh5 26. gxh5 Rg8 27.
Ne2 Nb6 28. b3 Kb8 29. Kb2 Rc8 30. Qd3 Rg2 31. Nc3 Rcg8 32. Rd1 R8g3 0-1

[Event "4NCL/Div3/SCS vs. MKE"]
[Site "Telford ENG"]
[Date "2003.04.12"]
[Round "7.2"]
[White "Smith, Graham M"]
[Black "Heaton, Robert"]
[Result "1-0"]
[WhiteElo "2118"]
[BlackElo "2132"]
[PlyCount "45"]
[EventDate "2003.04.12"]

1. e4 c6 2. Ne2 d5 3. e5 c5 4. d4 Bf5 5. dxc5 e6 6. Be3 Ne7 7. Nd4 Nbc6 8. Bb5
a6 9. Ba4 Qa5+ 10. c3 O-O-O 11. b4 Qc7 12. f4 Be4 13. Qe2 Nf5 14. Bxc6 bxc6 15.
Nxf5 exf5 16. Qxa6+ Kd7 17. Qe2 Be7 18. O-O Ra8 19. Nd2 Ra3 20. Nxe4 fxe4 21.
Qg4+ Ke8 22. Qxg7 Rf8 23. Bd4 1-0

[Event "4NCL/Div3/SCS vs. MKE"]
[Site "Telford ENG"]
[Date "2003.04.12"]
[Round "7.3"]
[White "Lutton, E Josiah"]
[Black "Elwin, Adrian G"]
[Result "0-1"]
[WhiteElo "2032"]
[BlackElo "2031"]
[PlyCount "44"]
[EventDate "2003.04.12"]

1. Nc3 d5 2. e4 dxe4 3. Nxe4 Nf6 4. Nxf6+ gxf6 5. Nf3 Bg4 6. Bc4 e6 7. d4 Bd6
8. c3 Nd7 9. Be3 c6 10. h3 Bh5 11. Qe2 Qe7 12. Bd3 f5 13. O-O-O O-O-O 14. Rdg1
f4 15. Bd2 c5 16. Bb5 cxd4 17. Qc4+ Kb8 18. Nxd4 Rc8 19. Qf1 Nb6 20. Bd3 Be5
21. Ne2 Qd6 22. Kc2 Qxd3+ 0-1

[Event "4NCL/Div3/SCS vs. MKE"]
[Site "Telford ENG"]
[Date "2003.04.12"]
[Round "7.4"]
[White "Valentine, Brian J"]
[Black "Partington, Anna G"]
[Result "0-1"]
[WhiteElo "1968"]
[BlackElo "2058"]
[PlyCount "46"]
[EventDate "2003.04.12"]

1. e4 c6 2. d4 d5 3. e5 c5 4. Nf3 Bg4 5. c3 Nc6 6. Be2 e6 7. O-O Qb6 8. Nbd2
cxd4 9. cxd4 Nge7 10. Nb3 Nf5 11. Be3 Be7 12. h3 Bxf3 13. Bxf3 Nxe3 14. fxe3
Bg5 15. Qe2 O-O 16. Kh1 Rac8 17. Rfd1 Rc7 18. Nc1 Nb4 19. Rd2 Rfc8 20. Nd3 Nc2
21. Rc1 Nxe3 22. Rxc7 Qxc7 23. h4 Nf5 0-1

[Event "4NCL/Div3/SCS vs. MKE"]
[Site "Telford ENG"]
[Date "2003.04.12"]
[Round "7.5"]
[White "Hawrami, Khidir"]
[Black "Williamson, Kevin J"]
[Result "0-1"]
[WhiteElo "1800"]
[BlackElo "1896"]
[PlyCount "62"]
[EventDate "2003.04.12"]

1. d4 d6 2. Nf3 Bg4 3. Nbd2 Nd7 4. g3 c6 5. Bg2 Ngf6 6. c4 e5 7. dxe5 dxe5 8.
O-O Bc5 9. Qc2 O-O 10. Ne4 Nxe4 11. Qxe4 f5 12. Qc2 e4 13. Ne1 Qe7 14. b3 Rad8
15. Bb2 Nf6 16. Kh1 Bb4 17. Bc3 Bxc3 18. Qxc3 Bxe2 19. Rg1 Ng4 20. h3 Nxf2+ 21.
Kh2 Nd3 22. Qd2 Nxe1 23. Qxe2 Nxg2 24. Rxg2 Rd3 25. Re1 Rfd8 26. Rf2 Qg5 27.
Rg2 Rd2 28. Qf1 R8d3 29. Qg1 Qxg3+ 30. Kh1 Rxg2 31. Qxg2 Qxe1+ 0-1

[Event "4NCL/Div3/SCS vs. MKE"]
[Site "Telford ENG"]
[Date "2003.04.12"]
[Round "7.6"]
[White "Kendall, Paul SW"]
[Black "Bland, David"]
[Result "1/2-1/2"]
[WhiteElo "1944"]
[BlackElo "1712"]
[PlyCount "80"]
[EventDate "2003.04.12"]

1. e4 c5 2. Nf3 d6 3. Bb5+ Bd7 4. Bxd7+ Qxd7 5. c4 Nc6 6. O-O Nf6 7. Nc3 g6 8.
a3 Bg7 9. Rb1 O-O 10. h3 Qe6 11. d3 Ne8 12. Ne2 a6 13. b4 cxb4 14. axb4 b5 15.
Nf4 Qd7 16. Qc2 e6 17. Be3 Ne5 18. Nxe5 dxe5 19. Ne2 Nc7 {=} 20. Rfd1 Qc6 21.
Nc1 bxc4 22. Nb3 Nb5 23. Na5 Qc7 24. Nxc4 Nd4 25. Qb2 Rfd8 26. Rbc1 Qe7 27. Na5
Rdc8 28. Rc4 Rxc4 29. dxc4 Qh4 30. f3 Rd8 {=} 31. Rc1 Qg3 32. Qf2 Qxf2+ 33.
Kxf2 Rc8 34. c5 Bf8 35. Nc4 Nc6 36. Rb1 Rb8 37. Nb6 Be7 38. Bd2 f6 39. Ra1 a5
40. bxa5 Bxc5+ 1/2-1/2

[Event "4NCL/Div3/SCS vs. MKE"]
[Site "Telford ENG"]
[Date "2003.04.12"]
[Round "7.7"]
[White "Hawrami, Dana"]
[Black "Shaw, John S"]
[Result "1/2-1/2"]
[WhiteElo "1712"]
[BlackElo "1832"]
[PlyCount "39"]
[EventDate "2003.04.12"]

1. d4 Nf6 2. Nf3 e6 3. g3 b6 4. Bg2 Bb7 5. O-O Be7 6. c4 O-O 7. Nc3 d6 8. Qc2
Nbd7 9. b3 c5 10. Bb2 cxd4 11. Nxd4 Bxg2 12. Kxg2 Rc8 13. Rad1 d5 14. cxd5 Nxd5
15. Qd3 Nxc3 16. Bxc3 Nc5 17. Qf3 Qc7 18. Bb2 a6 19. Rc1 Qb7 20. Qxb7 1/2-1/2

[Event "4NCL/Div3/SCS vs. MKE"]
[Site "Telford ENG"]
[Date "2003.04.12"]
[Round "7.8"]
[White "Wilcox, Charlotte"]
[Black "Heaton, David"]
[Result "0-1"]
[WhiteElo "1528"]
[BlackElo "1688"]
[PlyCount "40"]
[EventDate "2003.04.12"]

1. e4 d5 2. exd5 Nf6 3. d4 Nxd5 4. Nf3 Bg4 5. Be2 e6 6. O-O Bd6 7. c4 Nf4 8.
Bxf4 Bxf4 9. Nc3 h5 10. d5 Nd7 11. dxe6 Bxe6 12. Re1 Qf6 13. Nd4 O-O-O 14. Bf3
Ne5 15. Qb3 Nxf3+ 16. Nxf3 g5 17. Nb5 Kb8 18. Rad1 h4 19. Nbd4 Bd7 20. Nd2 Qxd4
0-1

[Event "4NCL/Div3/3CS2 vs. SLO2"]
[Site "Telford ENG"]
[Date "2003.04.12"]
[Round "7.1"]
[White "Taylor, Robert M"]
[Black "Richmond, Robert J"]
[Result "1/2-1/2"]
[WhiteElo "2165"]
[BlackElo "2219"]
[PlyCount "75"]
[EventDate "2003.04.12"]

1. e4 e5 2. Nf3 d6 3. d4 Nf6 4. dxe5 Nxe4 5. Qd5 Nc5 6. Bg5 Be7 7. exd6 Qxd6 8.
Nc3 c6 9. Qxd6 Bxd6 10. O-O-O Bc7 11. Bc4 Ne6 12. Rhe1 O-O 13. Be7 Re8 14. Bd6
Bxd6 15. Rxd6 Kf8 16. Ne5 Ke7 17. Rd2 Nd7 18. Bxe6 fxe6 19. Rde2 Nxe5 20. Rxe5
b6 21. f4 g6 22. h4 Rf8 23. g3 Bd7 24. Ne4 Rf5 25. h5 Rxe5 26. fxe5 gxh5 27.
Nf6 h6 28. Nxh5 Rg8 29. Re3 Rg5 {=} 30. Nf6 h5 31. b4 a5 32. bxa5 bxa5 33. Kd2
c5 34. Ke2 Bc6 35. Kd3 Bb5+ 36. Ke4 Bc6+ 37. Kd3 Bb5+ 38. Ke4 1/2-1/2

[Event "4NCL/Div3/3CS2 vs. SLO2"]
[Site "Telford ENG"]
[Date "2003.04.12"]
[Round "7.2"]
[White "de Coverly, Roger"]
[Black "Walton, Alan J"]
[Result "0-1"]
[WhiteElo "2091"]
[BlackElo "2138"]
[PlyCount "114"]
[EventDate "2003.04.12"]

1. e4 e6 2. d4 d5 3. exd5 exd5 4. c4 Nf6 5. Nc3 Bb4 6. Nf3 O-O 7. cxd5 Nxd5 8.
Bd2 Bg4 9. Be2 Nc6 10. O-O Re8 11. Re1 Nf6 12. a3 Bxc3 13. bxc3 Ne4 14. h3 Bh5
15. Rc1 Qd6 16. a4 Rad8 17. Be3 Qa3 18. Qc2 h6 19. Nd2 Bxe2 20. Nxe4 Bh5 21.
Bxh6 Rxe4 22. Qxe4 gxh6 23. d5 Bg6 24. Qc4 Ne5 25. Qxc7 Rxd5 26. c4 Nf3+ 27.
Kh1 Rg5 28. Re8+ Kg7 29. Rd1 Qxa4 30. Qd8 Bh7 31. gxf3 Qxc4 {=} 32. Qd4+ Qxd4
33. Rxd4 Bf5 34. Kh2 Be6 35. Re7 Bd5 36. Rf4 a5 37. h4 Rh5 38. Kg3 Kf8 39. Rd7
Re5 40. Rd4 Bc6 {=} 41. R7d6 h5 42. Rf6 a4 43. Rdf4 Be8 44. Rb6 Bc6 45. Rd4 Ra5
46. Rd1 {=} a3 47. Ra1 Ke7 48. Kf4 a2 49. Rb2 Bd5 50. Ke3 Kd6 51. f4 Ra3+ 52.
Kd4 Ra4+ 53. Kc3 Kc5 54. Rd2 Rxf4 55. Kb2 Rb4+ 56. Ka3 Rb3+ 57. Ka4 b5+ 0-1

[Event "4NCL/Div3/3CS2 vs. SLO2"]
[Site "Telford ENG"]
[Date "2003.04.12"]
[Round "7.3"]
[White "Bentley, John L"]
[Black "Harborne, Matthew"]
[Result "1-0"]
[WhiteElo "2163"]
[BlackElo "2081"]
[PlyCount "65"]
[EventDate "2003.04.12"]

1. e4 c6 2. d4 d5 3. e5 Bf5 4. Nf3 e6 5. Be2 c5 6. O-O Nd7 7. c4 dxc4 8. Nc3
cxd4 9. Qxd4 Bc5 10. Qxc4 Ne7 11. Rd1 Rc8 12. Qb5 Qc7 13. Bf4 Bc2 14. Rd2 a6
15. Qc4 b5 16. Nxb5 axb5 17. Qxb5 Be4 18. Rc1 Bc6 19. Rxc5 Bxb5 20. Rxc7 Rxc7
21. Bxb5 Nd5 22. Rxd5 exd5 23. e6 Rb7 24. exd7+ Ke7 25. a4 Ra8 26. Kf1 Rxb5 27.
axb5 Ra4 28. Be3 Kxd7 29. Bc5 Ra5 30. Nd4 Kc7 31. b4 Ra2 32. Nc6 Ra8 33. Na5
1-0

[Event "4NCL/Div3/3CS2 vs. SLO2"]
[Site "Telford ENG"]
[Date "2003.04.12"]
[Round "7.4"]
[White "Purton, Ben"]
[Black "Shaw, David A"]
[Result "1/2-1/2"]
[WhiteElo "2062"]
[BlackElo "2178"]
[PlyCount "90"]
[EventDate "2003.04.12"]

1. e4 e6 2. d4 d5 3. exd5 exd5 4. Nf3 Bd6 5. Bd3 h6 6. O-O Ne7 7. b3 O-O 8. Bb2
Bf5 9. c4 Bxd3 10. Qxd3 c6 11. Na3 Nd7 12. Nc2 Ng6 13. Rfe1 Nf4 14. Qd2 Qf6 15.
g3 Qg6 16. Rad1 Nh3+ 17. Kg2 {=} Ng5 18. Nxg5 hxg5 19. Qd3 Qxd3 20. Rxd3 Rfe8
21. Rde3 Kf8 22. Rxe8+ Rxe8 23. Rxe8+ Kxe8 24. f3 Be7 25. Ne3 {=} dxc4 26. Nxc4
b6 27. Kf2 f6 28. Ke3 Kf7 29. Ke4 Ke6 30. g4 g6 31. Ne3 {=} f5+ 32. Kd3 Nf6 33.
a3 Bd6 34. h3 Be7 35. Bc1 Nd7 36. Bb2 Bf6 37. Bc3 a5 38. a4 f4 39. Ng2 Bd8 40.
h4 Nf6 41. hxg5 Nd5 42. Bd2 Bxg5 43. Ke4 Nf6+ 44. Kd3 Nd5 45. Ke4 Nf6+ 1/2-1/2

[Event "4NCL/Div3/3CS2 vs. SLO2"]
[Site "Telford ENG"]
[Date "2003.04.12"]
[Round "7.5"]
[White "Adams, Phil"]
[Black "Nicholas, Koichi"]
[Result "1/2-1/2"]
[WhiteElo "2056"]
[BlackElo "2080"]
[PlyCount "57"]
[EventDate "2003.04.12"]

1. e4 e5 2. Nf3 Nc6 3. Nc3 Nf6 4. d4 exd4 5. Nxd4 Bb4 6. Nxc6 bxc6 7. Bd3 d5 8.
exd5 cxd5 9. O-O O-O 10. Bg5 c6 11. Qf3 Be7 12. Rae1 h6 13. Bxh6 gxh6 14. Qe3
d4 15. Qxh6 dxc3 16. Re5 Qxd3 17. cxd3 Ng4 18. Rg5+ Bxg5 19. Qxg5+ Kh7 20. bxc3
Rg8 21. Qh4+ {=} Nh6 22. Re1 Be6 23. c4 Rae8 24. f3 Rg6 25. h3 Reg8 26. g4 Kg7
27. Qe7 a6 28. Kf2 Rh8 29. Qa7 1/2-1/2

[Event "4NCL/Div3/3CS2 vs. SLO2"]
[Site "Telford ENG"]
[Date "2003.04.12"]
[Round "7.6"]
[White "McAvoy, Paul"]
[Black "English, Ray"]
[Result "1/2-1/2"]
[WhiteElo "2040"]
[BlackElo "2016"]
[PlyCount "43"]
[EventDate "2003.04.12"]

1. e4 d5 2. exd5 Nf6 3. c4 c6 4. d4 cxd5 5. c5 e5 6. Nc3 exd4 7. Qxd4 Nc6 8.
Bb5 Be7 9. Nf3 O-O 10. Bxc6 bxc6 11. O-O Nd7 12. b4 a5 13. Ba3 Bf6 14. Qd2 axb4
15. Bxb4 Ne5 16. Nxe5 Bxe5 17. f4 Bf6 18. Rac1 Re8 19. Rfe1 Be6 {=} 20. a3 Qd7
21. Rcd1 h6 22. h3 1/2-1/2

[Event "4NCL/Div3/3CS2 vs. SLO2"]
[Site "Telford ENG"]
[Date "2003.04.12"]
[Round "7.7"]
[White "Lewis, Andrew"]
[Black "Richardson, Alex"]
[Result "1/2-1/2"]
[WhiteElo "1936"]
[BlackElo "2098"]
[PlyCount "100"]
[EventDate "2003.04.12"]

1. e4 e5 2. Nc3 Nf6 3. f4 d5 4. fxe5 Nxe4 5. d3 Nxc3 6. bxc3 d4 7. Nf3 dxc3 8.
d4 Bg4 9. Be3 Qd5 10. Be2 Nc6 11. O-O Qe4 12. Qd3 Qxd3 13. Bxd3 Be7 14. Rab1
Nb4 15. Be4 Be6 16. Bg5 Bf8 17. a3 Bd5 18. Bxd5 Nxd5 19. Rxb7 Bxa3 20. Ra1 Bb2
21. Raxa7 Rxa7 22. Rxa7 Kd7 23. Ne1 h6 24. Bh4 Rb8 25. Ra5 Ne3 26. Bf2 Bc1 27.
Bxe3 Bxe3+ 28. Kf1 Rb2 29. Ke2 Bd2 30. Nd3 Kc6 31. d5+ Kb6 32. Ra8 Kb7 33. Ra5
Rb1 34. e6 fxe6 35. dxe6 Kc6 36. Re5 Rb8 37. e7 Re8 38. Nf2 Kd6 39. Re4 Bg5 40.
Kd3 Bf6 41. Nd1 Rxe7 42. Rxe7 Kxe7 43. Nxc3 Be5 44. h3 Kd6 45. Ne4+ Kd5 46. c4+
Kc6 47. g4 Bh2 48. Kd4 Bf4 49. Nf2 Bh2 50. Ne4 Bf4 1/2-1/2

[Event "4NCL/Div3/3CS2 vs. SLO2"]
[Site "Telford ENG"]
[Date "2003.04.12"]
[Round "7.8"]
[White "Houska, Karla"]
[Black "Roberts, Elizabeth H"]
[Result "0-1"]
[WhiteElo "1112"]
[BlackElo "1472"]
[PlyCount "56"]
[EventDate "2003.04.12"]

1. e4 e5 2. Nf3 Nc6 3. d4 exd4 4. c3 d5 5. exd5 Qxd5 6. cxd4 Bb4+ 7. Nc3 Bg4 8.
Be2 Bxf3 9. Bxf3 Qd7 10. O-O Nge7 11. Be3 O-O 12. Qa4 Bd6 13. Qd1 Nf5 14. Bg4
Nxe3 15. fxe3 Qe7 16. Rf3 Qg5 17. Ne4 Qxg4 18. Nf6+ gxf6 19. Rg3 Qxg3 20. hxg3
Kh8 21. Qf3 Rg8 22. Qxf6+ Rg7 23. g4 Rag8 24. Rf1 Be7 25. Qf4 {=} Rxg4 26. Qxc7
Rxg2+ 27. Kh1 R2g6 28. Rf2 Bd6 0-1

[Event "4NCL/Div3/MIN vs. PPA2"]
[Site "Telford ENG"]
[Date "2003.04.12"]
[Round "7.1"]
[White "Moss, Robin"]
[Black "Rosen, Daniel B"]
[Result "1-0"]
[WhiteElo "2300"]
[BlackElo "2193"]
[PlyCount "61"]
[EventDate "2003.04.12"]

1. e4 g6 2. d4 Bg7 3. Nc3 d6 4. Be3 c6 5. Qd2 Nd7 6. Nf3 Qc7 7. Bd3 Nb6 8. h3
Be6 9. O-O Nf6 10. Bh6 Bxh6 11. Qxh6 O-O-O 12. b3 Bd7 13. a4 Kb8 14. a5 Nc8 15.
Rfe1 Rde8 16. e5 Nd5 17. Nxd5 cxd5 18. Qd2 h6 19. b4 g5 20. b5 g4 21. hxg4 Bxg4
22. b6 axb6 23. axb6 Nxb6 24. Qa5 Kc8 25. Reb1 Nc4 26. Qxd5 Bxf3 27. Qxf3 Nb6
28. Qxf7 Ref8 29. Qe6+ Kb8 30. Qb3 Nd7 31. Be4 1-0

[Event "4NCL/Div3/MIN vs. PPA2"]
[Site "Telford ENG"]
[Date "2003.04.12"]
[Round "7.2"]
[White "Waddington, Michael P"]
[Black "Kenworthy, Gary"]
[Result "0-1"]
[WhiteElo "2184"]
[BlackElo "2259"]
[PlyCount "108"]
[EventDate "2003.04.12"]

1. Nc3 g6 2. e4 Bg7 3. d4 d6 4. Bg5 Nc6 5. Bb5 a6 6. Bxc6+ bxc6 7. Qd2 a5 8.
O-O-O h6 9. Bh4 Nf6 10. f4 O-O 11. Nf3 Bg4 12. Rhf1 Nd7 13. h3 Bxf3 14. Rxf3
Rb8 15. Bf2 Nb6 16. Qe2 Qc8 17. f5 Qb7 18. Rg3 g5 19. h4 f6 20. Rh1 Rf7 21. Be3
Nd7 22. b3 Qb4 23. Qd2 a4 24. Rhh3 axb3 25. cxb3 Ra8 26. Kb1 Rb8 27. Ne2 Qb5
28. Nc1 Nf8 29. Nd3 e6 30. e5 dxe5 31. hxg5 fxg5 32. Nxe5 Rxf5 33. Ng4 Qd5 34.
Nxh6+ Bxh6 35. Rxh6 Rxb3+ 36. axb3 Qxb3+ 37. Qb2 Rf1+ 38. Bc1 Qxg3 39. Qc2 Rf5
40. d5 Rxd5 41. Rh3 Qe1 42. Rb3 Qd1 43. Qc3 Qg4 44. Bb2 Qe4+ 45. Ka1 e5 46. g3
Ne6 47. Rb8+ Kf7 48. Ka2 Rc5 49. Qa3 Qd5+ 50. Kb1 Ra5 51. Qe3 Qa2+ 52. Kc1 Rc5+
53. Kd2 Qd5+ 54. Qd3 e4 0-1

[Event "4NCL/Div3/MIN vs. PPA2"]
[Site "Telford ENG"]
[Date "2003.04.12"]
[Round "7.4"]
[White "Goodger, Martyn"]
[Black "Parker, Robert"]
[Result "1/2-1/2"]
[WhiteElo "2109"]
[BlackElo "2115"]
[PlyCount "63"]
[EventDate "2003.04.12"]

1. e4 e5 2. Nf3 Nc6 3. d4 exd4 4. Nxd4 Nf6 5. Nxc6 bxc6 6. e5 Qe7 7. Qe2 Nd5 8.
c4 Ba6 9. b3 Qh4 10. a3 Bc5 11. g3 Bxf2+ 12. Qxf2 Qe4+ 13. Kd1 Qxh1 14. Nd2 O-O
15. Kc2 f6 16. e6 Rae8 17. Bh3 Ne3+ 18. Qxe3 Qxh2 19. Bf5 g6 20. Bd3 Rxe6 21.
Qxa7 Bc8 22. Bb2 Qxg3 23. Rd1 Rfe8 24. a4 Rd6 25. Ne4 Rxe4 26. Bxe4 Rxd1 27.
Kxd1 Qg4+ 28. Kd2 Qxe4 29. Qxc7 Qg2+ 30. Kc1 Qf1+ {=} 31. Kc2 Qf5+ 32. Kd2
1/2-1/2

[Event "4NCL/Div3/MIN vs. PPA2"]
[Site "Telford ENG"]
[Date "2003.04.12"]
[Round "7.5"]
[White "Hawkins, J Nick"]
[Black "Winfridsson, Ola"]
[Result "1/2-1/2"]
[WhiteElo "2063"]
[BlackElo "2038"]
[PlyCount "43"]
[EventDate "2003.04.12"]

1. e4 c6 2. d4 d5 3. exd5 cxd5 4. Bd3 Nc6 5. c3 Nf6 6. Bf4 Bg4 7. Qb3 Qd7 8.
Nd2 e6 9. Ngf3 Bxf3 10. Nxf3 Bd6 11. Bxd6 Qxd6 12. O-O O-O 13. Rae1 b5 14. Ne5
Rab8 15. g4 b4 16. Qc2 bxc3 17. bxc3 Rfc8 18. Qd2 Qa3 19. Nxc6 Rxc6 20. Rb1
Rbc8 21. Rb3 Qd6 22. g5 1/2-1/2

[Event "4NCL/Div3/MIN vs. PPA2"]
[Site "Telford ENG"]
[Date "2003.04.12"]
[Round "7.6"]
[White "Soh, Edmund"]
[Black "Twitchell, Neville H"]
[Result "1/2-1/2"]
[WhiteElo "2044"]
[BlackElo "2013"]
[PlyCount "49"]
[EventDate "2003.04.12"]

1. e4 c5 2. c3 d5 3. exd5 Qxd5 4. d4 cxd4 5. cxd4 Nc6 6. Nf3 e5 7. Nc3 Bb4 8.
Bd2 Bxc3 9. Bxc3 e4 10. Nd2 Nf6 11. Bc4 Qg5 12. Qb3 O-O 13. O-O-O Bg4 14. Rde1
a6 15. h4 Qf5 16. f3 exf3 17. gxf3 Bh5 18. d5 b5 19. dxc6 bxc4 20. Qxc4 Bg6 21.
Bxf6 Qxf6 22. h5 Bf5 23. Re3 Rac8 24. Rc3 Rfe8 25. Ne4 1/2-1/2

[Event "4NCL/Div3/MIN vs. PPA2"]
[Site "Telford ENG"]
[Date "2003.04.12"]
[Round "7.7"]
[White "Meynell, Alexander F"]
[Black "Retallick, Lloyd"]
[Result "1-0"]
[WhiteElo "1792"]
[BlackElo "1856"]
[PlyCount "87"]
[EventDate "2003.04.12"]

1. d4 d5 2. c4 e6 3. Nc3 Nf6 4. Bg5 Be7 5. e3 O-O 6. Nf3 c6 7. Rc1 Ne4 8. Nxe4
dxe4 9. Bxe7 Qxe7 10. Nd2 f5 11. Be2 Nd7 12. O-O c5 13. dxc5 Qxc5 14. a3 a5 15.
Nb3 Qe7 16. Nd4 Rd8 17. Qc2 Nf6 18. Rfd1 Bd7 19. c5 Nd5 20. Nxf5 exf5 21. Rxd5
Be6 22. Rxd8+ Rxd8 23. b4 axb4 24. axb4 Qf7 25. g3 g5 26. Bc4 Kg7 27. Bxe6 Qxe6
28. b5 f4 29. Qc3+ Kh6 30. exf4 gxf4 31. c6 bxc6 32. bxc6 Rd3 33. Qb4 Qd5 34.
Qf8+ Kg6 35. Qe8+ Kg7 36. Qe7+ Kg6 37. Qe8+ Kg7 38. c7 Rd1+ 39. Rxd1 Qxd1+ 40.
Kg2 Qf3+ 41. Kh3 fxg3 42. Qe5+ Kf7 43. fxg3 Qf1+ 44. Kh4 1-0